| 000 | 00425nam a22001697a 4500 | ||
|---|---|---|---|
| 003 | CEME | ||
| 005 | 20210628205251.0 | ||
| 008 | 210224b xxu||||| |||| 00| 0 eng d | ||
| 020 | _a0-412-72150-3 | ||
| 040 | _c. | ||
| 082 | _a513.5 WOO'N | ||
| 100 |
_aPhillip, C Woodford, C _974672 |
||
| 245 | _aNumerical methods with worked examples | ||
| 260 |
_aLONDON _bCHAPMAN & HALL _c1997 |
||
| 300 | _aX,273P | ||
| 942 |
_cBK _2ddc |
||
| 999 |
_c580179 _d580179 |
||